[Event "23. OSREDNJA SLOVENSKA LIGA 2022"]
[Site "gostovanja"]
[Date "2022.10.06"]
[Round "3.3"]
[White "Markosek, Bine"]
[Black "Banko, Franci"]
[Result "1-0"]
[WhiteElo "1641"]
[BlackElo "1430"]
[PlyCount "75"]
[EventDate "2022.10.06"]
[WhiteTeam "SD DOMZALE"]
[BlackTeam "SK TRZIN PEKOS PUB"]

1. e4 c5 2. Nf3 Nc6 3. Bc4 e6 4. O-O d6 5. c3 Nf6 6. Qe2 Be7 7. d3 O-O 8. Rd1
e5 9. Nbd2 Na5 10. Bb5 a6 11. Ba4 b5 12. Bc2 Nc6 13. Nf1 Bg4 14. Ng3 Nh5 15. h3
Nxg3 16. fxg3 Be6 17. Be3 f5 18. d4 cxd4 19. cxd4 exd4 20. Nxd4 Nxd4 21. Bxd4
fxe4 22. Qxe4 Bf5 23. Qd5+ Kh8 24. Bxf5 Bf6 25. Rf1 Bxd4+ 26. Qxd4 Qg5 27. g4
Rf6 28. Rae1 Raf8 29. Re2 g6 30. Be6 Qc5 31. Rd1 Qxd4+ 32. Rxd4 Rf1+ 33. Kh2
R1f2 34. Rxf2 Rxf2 35. Rxd6 Rxb2 36. g5 a5 37. Rd8+ Kg7 38. Rg8# 1-0

[Event "23. OSREDNJA SLOVENSKA LIGA 2022"]
[Site "gostovanja"]
[Date "2022.10.06"]
[Round "3.4"]
[White "Filipic, Dusan"]
[Black "Zmaucar, Miha"]
[Result "0-1"]
[WhiteElo "1397"]
[BlackElo "1465"]
[PlyCount "56"]
[EventDate "2022.10.06"]
[WhiteTeam "SK TRZIN PEKOS PUB"]
[BlackTeam "SD DOMZALE"]

1. g3 g6 2. Bg2 Bg7 3. Nf3 Nf6 4. c3 c5 5. d3 O-O 6. h4 d5 7. Be3 b6 8. Nbd2
Ng4 9. Bf4 e5 10. Be3 Nxe3 11. fxe3 Nc6 12. Qc2 Bh6 13. Ng5 Bxg5 14. hxg5 Qxg5
15. O-O-O Rd8 16. Bh3 Qxe3 17. Bxc8 Raxc8 18. Rh2 Nd4 19. Qa4 Nxe2+ 20. Kc2 e4
21. dxe4 c4 22. Kb1 dxe4 23. Nxc4 Rxd1+ 24. Qxd1 Qd3+ 25. Qxd3 exd3 26. Nd2 Re8
27. Nc4 Nxg3 28. Rh3 Re1# 0-1

[Event "23. OSREDNJA SLOVENSKA LIGA 2022"]
[Site "gostovanja"]
[Date "2022.10.06"]
[Round "3.1"]
[White "Olenik Campa, Rudi"]
[Black "Markun, Ozbej"]
[Result "1-0"]
[WhiteElo "2151"]
[BlackElo "1986"]
[PlyCount "71"]
[EventDate "2022.10.06"]
[WhiteTeam "SK LJUBLJANA"]
[BlackTeam "SS TOMO ZUPAN KRANJ"]

1. e4 c5 2. Nf3 d6 3. d4 cxd4 4. Nxd4 Nf6 5. Nc3 a6 6. g3 e5 7. Nde2 b5 8. Nd5
Nbd7 9. Nec3 Bb7 10. Bg2 Nxd5 11. Nxd5 Nb6 12. Nxb6 Qxb6 13. O-O Be7 14. Be3
Qc7 15. a4 O-O 16. Qd3 Bc6 17. a5 Qb7 18. g4 Kh8 19. b3 Qd7 20. h3 Qe6 21. c4
Qg6 22. Kh2 Rad8 23. Rfc1 Bg5 24. Qd2 Bxe3 25. Qxe3 bxc4 26. bxc4 Bd7 27. Rab1
h5 28. f3 Rfe8 29. Rb6 Kg8 30. Rd1 Be6 31. Bf1 hxg4 32. hxg4 Bxg4 33. fxg4 Qxg4
34. Rdxd6 Qh4+ 35. Bh3 Rc8 36. c5 1-0

[Event "23. OSREDNJA SLOVENSKA LIGA 2022"]
[Site "gostovanja"]
[Date "2022.10.06"]
[Round "3.2"]
[White "Orel Music, Simona"]
[Black "Marinko, Peter"]
[Result "1-0"]
[WhiteElo "1941"]
[BlackElo "2035"]
[PlyCount "79"]
[EventDate "2022.10.06"]
[WhiteTeam "SS TOMO ZUPAN KRANJ"]
[BlackTeam "SK LJUBLJANA"]

1. d4 Nf6 2. c4 b6 3. Nf3 Bb7 4. Nc3 e6 5. a3 d5 6. Bg5 Be7 7. e3 Nbd7 8. Bd3
h6 9. Bh4 g5 10. Bg3 Nh5 11. cxd5 Nxg3 12. hxg3 exd5 13. Qb3 c6 14. Rc1 Bf6 15.
Kf1 Bg7 16. Kg1 O-O 17. Bb1 Rc8 18. Qc2 f5 19. g4 Rc7 20. Nxd5 Rc8 21. Nc3 c5
22. Qb3+ Kh8 23. Bxf5 cxd4 24. exd4 Bxf3 25. gxf3 Rxf5 26. gxf5 g4 27. f4 Nf6
28. Rd1 Qc7 29. Ne2 Re8 30. Rc1 Qd7 31. Qd3 Re4 32. Qc4 Kh7 33. Rc2 Qxf5 34.
Ng3 Re1+ 35. Kg2 Qe6 36. Rxe1 Qxe1 37. Qd3+ Kg8 38. Rc8+ Kf7 39. Rc7+ Kf8 40.
Qg6 1-0

[Event "23. OSREDNJA SLOVENSKA LIGA 2022"]
[Site "gostovanja"]
[Date "2022.10.06"]
[Round "3.3"]
[White "Sfiligoj, Anze"]
[Black "Smirnov, Maksim"]
[Result "1-0"]
[WhiteElo "1716"]
[BlackElo "1293"]
[PlyCount "43"]
[EventDate "2022.10.06"]
[WhiteTeam "SK LJUBLJANA"]
[BlackTeam "SS TOMO ZUPAN KRANJ"]

1. e4 c6 2. d3 d5 3. Nf3 dxe4 4. Ng5 exd3 5. Bxd3 Qc7 6. Qf3 Nf6 7. h3 e6 8.
Nd2 Nbd7 9. O-O Ne5 10. Qg3 Bd6 11. Nde4 Nh5 12. Nxd6+ Qxd6 13. Ne4 Qd5 14. Qh4
Ng6 15. Qg5 h6 16. Qg4 Nhf4 17. Bxf4 e5 18. Qf3 Nxf4 19. Bc4 Qd7 20. Rad1 Qe7
21. Nd6+ Kf8 22. Nxf7 1-0

[Event "23. OSREDNJA SLOVENSKA LIGA 2022"]
[Site "gostovanja"]
[Date "2022.10.06"]
[Round "3.4"]
[White "Demsar, Maks"]
[Black "Komelj, Erazem"]
[Result "1-0"]
[WhiteElo "1229"]
[BlackElo "1630"]
[PlyCount "41"]
[EventDate "2022.10.06"]
[WhiteTeam "SS TOMO ZUPAN KRANJ"]
[BlackTeam "SK LJUBLJANA"]

1. e4 c6 2. Nf3 d5 3. Nc3 Bg4 4. Be2 e6 5. d4 Bb4 6. Ne5 Bxe2 7. Qxe2 Nf6 8.
Bg5 dxe4 9. Rd1 h6 10. Bh4 g5 11. Bg3 Nd5 12. Qh5 Qe7 13. O-O Bxc3 14. bxc3
Nxc3 15. f4 Nxd1 16. fxg5 Qxg5 17. Qxf7+ Kd8 18. Qxe6 Rh7 19. Rf8+ Kc7 20. Nc4+
Qxg3 21. Rc8# 1-0

[Event "23. OSREDNJA SLOVENSKA LIGA 2022"]
[Site "gostovanja"]
[Date "2022.10.06"]
[Round "3.1"]
[White "Gantar, Jan"]
[Black "Krumpak, Hinko"]
[Result "1/2-1/2"]
[WhiteElo "2196"]
[BlackElo "2032"]
[PlyCount "80"]
[EventDate "2022.10.06"]
[WhiteTeam "SK KOMENDA POPOTNIK"]
[BlackTeam "SK TRZIN BUSCOTRADE"]

1. e4 d5 2. exd5 Qxd5 3. Nc3 Qd6 4. d4 Nf6 5. Nb5 Qe6+ 6. Be2 Na6 7. Nf3 c6 8.
Na3 Nc7 9. O-O g6 10. Nc4 Bg7 11. Ng5 Qd5 12. Ne5 Be6 13. Bc4 Qa5 14. Ngxf7 O-O
15. Nh6+ Bxh6 16. Bxh6 Rfd8 17. c3 Bxc4 18. Nxc4 Qh5 19. Qxh5 Nxh5 20. Rfe1 Nd5
21. Re5 Nhf6 22. h3 b5 23. Na5 Rac8 24. Nb7 Rd7 25. Nc5 Rd6 26. Rae1 Nd7 27.
Nxd7 Rxd7 28. h4 Kf7 29. Bg5 Rcc7 30. g4 a5 31. h5 a4 32. hxg6+ hxg6 33. Bd2
Nb6 34. b3 axb3 35. axb3 Rd5 36. Bf4 Rxe5 37. Bxe5 Ra7 38. Kg2 Ra3 39. Rb1 Nd5
40. c4 Nc3 1/2-1/2

[Event "23. OSREDNJA SLOVENSKA LIGA 2022"]
[Site "gostovanja"]
[Date "2022.10.06"]
[Round "3.2"]
[White "Jakob, Matthias"]
[Black "Zidar, Jernej"]
[Result "1/2-1/2"]
[WhiteElo "2025"]
[BlackElo "1665"]
[PlyCount "85"]
[EventDate "2022.10.06"]
[WhiteTeam "SK TRZIN BUSCOTRADE"]
[BlackTeam "SK KOMENDA POPOTNIK"]

1. e4 c5 2. Nf3 d6 3. d4 Nf6 4. Nc3 cxd4 5. Nxd4 a6 6. Bg5 e6 7. f4 Nbd7 8. Qe2
Qc7 9. O-O-O b5 10. a3 Bb7 11. g4 Be7 12. Kb1 Rc8 13. Rg1 Nb6 14. Rg3 Nc4 15.
h4 Qb6 16. Rgd3 b4 17. axb4 Qxb4 18. Nb3 Nxe4 19. Bxe7 Kxe7 20. Rd4 Qxc3 21.
bxc3 Nxc3+ 22. Kc1 Nxe2+ 23. Bxe2 d5 24. Bxc4 Rxc4 25. Rxc4 dxc4 26. Nc5 Bd5
27. Kb2 a5 28. Kc3 Rb8 29. Ra1 Rb5 30. Kd4 f6 31. Na4 Kd6 32. Nc3 Rb2 33. Rxa5
Rxc2 34. Ra6+ Ke7 35. Nxd5+ exd5 36. Kxd5 c3 37. Ra7+ Kf8 38. Rc7 Rh2 39. Ke6
Re2+ 40. Kf5 c2 41. h5 Re7 42. Rxc2 Kf7 43. g5 1/2-1/2

[Event "23. OSREDNJA SLOVENSKA LIGA 2022"]
[Site "gostovanja"]
[Date "2022.10.06"]
[Round "3.3"]
[White "Snedec, Aljaz"]
[Black "Krupenko, Peter"]
[Result "1/2-1/2"]
[WhiteElo "1000"]
[BlackElo "1928"]
[PlyCount "45"]
[EventDate "2022.10.06"]
[WhiteTeam "SK KOMENDA POPOTNIK"]
[BlackTeam "SK TRZIN BUSCOTRADE"]

1. e4 e5 2. Nf3 Nf6 3. Nxe5 d6 4. Nf3 Nxe4 5. d3 Nf6 6. Bf4 Be7 7. Be2 O-O 8.
O-O d5 9. d4 Ne4 10. Nbd2 Nc6 11. c3 Bd6 12. Bxd6 Qxd6 13. Nxe4 dxe4 14. Nd2
Qg6 15. Bh5 Qf5 16. h3 Qd5 17. Re1 g6 18. Bg4 f5 19. Be2 Kg7 20. Bc4 Qd6 21. f3
exf3 22. Qxf3 Bd7 23. Qd5 1/2-1/2

[Event "23. OSREDNJA SLOVENSKA LIGA 2022"]
[Site "gostovanja"]
[Date "2022.10.06"]
[Round "3.4"]
[White "Rojs, Igor"]
[Black "Ojstersek, Peter"]
[Result "1-0"]
[WhiteElo "1942"]
[BlackElo "1605"]
[PlyCount "95"]
[EventDate "2022.10.06"]
[WhiteTeam "SK TRZIN BUSCOTRADE"]
[BlackTeam "SK KOMENDA POPOTNIK"]

1. c4 c6 2. Nf3 d5 3. e3 Nf6 4. Nc3 Bg4 5. d4 e6 6. h3 Bh5 7. Be2 Bb4 8. O-O
Nbd7 9. a3 Bd6 10. Qc2 Bxf3 11. Bxf3 dxc4 12. a4 Qc7 13. Ne4 Nxe4 14. Bxe4 Nf6
15. Bf3 O-O 16. Qxc4 e5 17. dxe5 Bxe5 18. Ra3 Rad8 19. Rd1 Rxd1+ 20. Bxd1 Rd8
21. Rd3 Rxd3 22. Qxd3 Nd5 23. f4 Bd6 24. g3 Bc5 25. Kg2 Qd6 26. Kf3 Qc7 27. e4
Nb4 28. Qc4 b6 29. Be2 h6 30. Bd2 a5 31. Bc3 Qd7 32. g4 h5 33. f5 h4 34. g5 Qd6
35. e5 Qd5+ 36. Qe4 Qxe4+ 37. Kxe4 Nd5 38. Be1 Nc7 39. Bxh4 b5 40. b3 bxa4 41.
bxa4 Nd5 42. Be1 Bb6 43. Bc4 g6 44. fxg6 fxg6 45. Bxd5+ cxd5+ 46. Kxd5 Kf7 47.
Bd2 Ke7 48. Bf4 1-0

[Event "23. OSREDNJA SLOVENSKA LIGA 2022"]
[Site "gostovanja"]
[Date "2022.10.06"]
[Round "3.1"]
[White "Baric, Dusan"]
[Black "Hribar, Janez"]
[Result "1/2-1/2"]
[WhiteElo "2011"]
[BlackElo "1897"]
[PlyCount "44"]
[EventDate "2022.10.06"]
[WhiteTeam "SK VISNJA GORA - STICNA"]
[BlackTeam "SD CRNI GRABEN"]

1. e4 Nf6 2. e5 Nd5 3. d4 d6 4. Nf3 Bg4 5. Bc4 dxe5 6. dxe5 e6 7. O-O Be7 8.
Bxd5 exd5 9. Nc3 c6 10. h3 Bh5 11. Bf4 O-O 12. Qe2 Nd7 13. Rad1 Nc5 14. Bh2 Qb6
15. b3 Qb4 16. Qe3 Ne6 17. Ne2 Bc5 18. Qd3 Bg6 19. Qd2 Qe4 20. c3 Be7 21. Ned4
Nxd4 22. Nxd4 Qh4 1/2-1/2

[Event "23. OSREDNJA SLOVENSKA LIGA 2022"]
[Site "gostovanja"]
[Date "2022.10.06"]
[Round "3.2"]
[White "Skok, Boris"]
[Black "Kirasic, Branko"]
[Result "1-0"]
[WhiteElo "1897"]
[BlackElo "1938"]
[PlyCount "85"]
[EventDate "2022.10.06"]
[WhiteTeam "SD CRNI GRABEN"]
[BlackTeam "SK VISNJA GORA - STICNA"]

1. d4 f5 2. g3 Nf6 3. Bg2 e6 4. Nf3 c5 5. O-O Be7 6. c4 cxd4 7. Nxd4 O-O 8. Nc3
a6 9. e4 d6 10. exf5 exf5 11. Re1 Qc7 12. Bg5 Kh8 13. Rc1 Qd8 14. Qe2 Rf7 15.
h4 Ng8 16. Bf4 Bf6 17. Qd3 Rf8 18. Rcd1 g6 19. Ne6 Bxe6 20. Rxe6 Qb6 21. Bxd6
Rd8 22. b4 Nc6 23. Nd5 Qd4 24. Qf1 Qb2 25. Rb1 Qd4 26. Bc5 Rxd5 27. cxd5 Qd2
28. dxc6 bxc6 29. Rxc6 Re8 30. Rxa6 f4 31. Qc1 Qd3 32. Bf1 Qe4 33. Rb3 Be5 34.
Bg2 Qe2 35. Qf1 Qc2 36. gxf4 Bc3 37. Rb1 Qf5 38. Be3 Nf6 39. Ra8 Rxa8 40. Bxa8
Ne4 41. Bc1 Bf6 42. Qc4 Bxh4 43. Qc8+ 1-0

[Event "23. OSREDNJA SLOVENSKA LIGA 2022"]
[Site "gostovanja"]
[Date "2022.10.06"]
[Round "3.3"]
[White "Jancigaj, Saso Valentin"]
[Black "Majcen, Zoran"]
[Result "0-1"]
[WhiteElo "1706"]
[BlackElo "1816"]
[PlyCount "120"]
[EventDate "2022.10.06"]
[WhiteTeam "SK VISNJA GORA - STICNA"]
[BlackTeam "SD CRNI GRABEN"]

1. f4 Nf6 2. Nf3 e6 3. e3 b6 4. d4 Bb7 5. Bd3 c5 6. c3 Be7 7. O-O Be4 8. Ng5
Bxd3 9. Qxd3 h6 10. Nf3 O-O 11. Nbd2 d6 12. b3 Nc6 13. Bb2 Rc8 14. Rac1 Qc7 15.
dxc5 bxc5 16. Nc4 Rfd8 17. Qe2 Na5 18. Ncd2 Qb7 19. e4 Nc6 20. Nc4 Qa6 21. Qc2
Nxe4 22. a3 Nf6 23. Ncd2 Nd5 24. Qe4 Nf6 25. Qe1 Rb8 26. c4 Qb6 27. Kh1 Na5 28.
Rc3 Ne8 29. f5 Bf6 30. Rc2 exf5 31. Bxf6 Nxf6 32. Rc3 Re8 33. Qb1 Ne4 34. Nxe4
fxe4 35. Nh4 Nxb3 36. Qe1 Nd4 37. Qf2 Qb7 38. Rg3 Qe7 39. Re1 e3 40. Qf4 Qe5
41. Qg4 e2 42. Nf3 Nxf3 43. Rxf3 Rb7 44. g3 Qe4 45. Qxe4 Rxe4 46. Kg1 Kf8 47.
Kf2 Rb2 48. Rc3 Ke7 49. Kf3 f5 50. h3 g5 51. g4 Rf4+ 52. Kg2 Kd7 53. gxf5 Rf1
54. Rcc1 Rxf5 55. Rc3 Rf1 56. Rcc1 Rxe1 57. Rxe1 Ke6 58. Kf3 Kf5 59. Rxe2 Rxe2
60. Kxe2 Ke4 0-1

[Event "23. OSREDNJA SLOVENSKA LIGA 2022"]
[Site "gostovanja"]
[Date "2022.10.06"]
[Round "3.4"]
[White "Erazem, Franc"]
[Black "Sotirov, Slavko"]
[Result "1-0"]
[WhiteElo "1485"]
[BlackElo "1748"]
[PlyCount "35"]
[EventDate "2022.10.06"]
[WhiteTeam "SD CRNI GRABEN"]
[BlackTeam "SK VISNJA GORA - STICNA"]

1. e4 e5 2. Bc4 Nc6 3. a3 Nf6 4. Nc3 Bc5 5. h3 h6 6. d3 a6 7. Nge2 d6 8. O-O
Be6 9. Bd5 Bxd5 10. Nxd5 Nxd5 11. exd5 Ne7 12. c4 f5 13. Kh1 g5 14. b4 Ba7 15.
Bb2 Ng6 16. d4 e4 17. c5 f4 18. Nc3 {nejasno (39)} 1-0

[Event "23. OSREDNJA SLOVENSKA LIGA 2022"]
[Site "gostovanja"]
[Date "2022.10.06"]
[Round "3.1"]
[White "Cimperman, Teo"]
[Black "Sedlar, Tomo"]
[Result "1-0"]
[WhiteElo "1433"]
[BlackElo "1831"]
[PlyCount "61"]
[EventDate "2022.10.06"]
[WhiteTeam "SK KOMENDA POGI"]
[BlackTeam "SK MENGES-TRZIN 1"]

1. e4 e5 2. Nf3 Nc6 3. Bc4 Bc5 4. Nc3 d6 5. h3 h6 6. d3 Nge7 7. O-O O-O 8. Be3
Bb6 9. Qd2 Na5 10. Bb5 Kh7 11. g4 f6 12. Kh2 d5 13. Bxb6 axb6 14. Nh4 Nac6 15.
Bxc6 bxc6 16. f3 Be6 17. Nf5 Ng6 18. Ne2 Qd7 19. Qe1 Ne7 20. Qh4 Ng6 21. Qe1 c5
22. h4 Bxf5 23. gxf5 Ne7 24. Rg1 Qb5 25. Ng3 Qxb2 26. Nh5 Rf7 27. Qd2 Rxa2 28.
Rxg7+ Rxg7 29. Nxf6+ Kh8 30. Qxh6+ Rh7 31. Qxh7# 1-0

[Event "23. OSREDNJA SLOVENSKA LIGA 2022"]
[Site "gostovanja"]
[Date "2022.10.06"]
[Round "3.2"]
[White "Veskovic, Dzemal"]
[Black "Babarovic, Fran"]
[Result "1-0"]
[WhiteElo "1860"]
[BlackElo "1172"]
[PlyCount "99"]
[EventDate "2022.10.06"]
[WhiteTeam "SK MENGES-TRZIN 1"]
[BlackTeam "SK KOMENDA POGI"]

1. e4 e5 2. Nf3 Nc6 3. Nc3 Bc5 4. h3 Nf6 5. a3 d6 6. Bc4 Be6 7. d3 Bxc4 8. dxc4
O-O 9. Bg5 h6 10. Be3 Bxe3 11. fxe3 Qd7 12. O-O Qe6 13. Qd3 a6 14. Nd5 Rac8 15.
b4 Ne7 16. Nh4 Nexd5 17. cxd5 Qd7 18. Nf5 Kh7 19. Rf2 g6 20. Nxh6 Nh5 21. Ng4
f5 22. exf5 gxf5 23. Nh2 e4 24. Qd2 Rg8 25. Raf1 Ng3 26. Re1 Rce8 27. Rf4 Rg5
28. Qf2 Qg7 29. Nf1 Nxf1 30. Rxf1 Rg8 31. Rh4+ Kg6 32. g4 Kf6 33. Kh2 Ke7 34.
Qf4 Qc3 35. Rf2 Qg7 36. c4 Qg6 37. c5 fxg4 38. cxd6+ Qxd6 39. Rh7+ R8g7 40.
Rxg7+ Rxg7 41. Rg2 Rf7 42. Qxd6+ Kxd6 43. hxg4 Kxd5 44. g5 Ke5 45. Kh3 Rg7 46.
Kg4 Rd7 47. Rf2 Rh7 48. g6 Rg7 49. Kg5 Rd7 50. Rf7 1-0

[Event "23. OSREDNJA SLOVENSKA LIGA 2022"]
[Site "gostovanja"]
[Date "2022.10.06"]
[Round "3.3"]
[White "Perme, Stanko"]
[Black "Simicak, Metod"]
[Result "0-1"]
[WhiteElo "1046"]
[BlackElo "1706"]
[PlyCount "118"]
[EventDate "2022.10.06"]
[WhiteTeam "SK KOMENDA POGI"]
[BlackTeam "SK MENGES-TRZIN 1"]

1. e4 e5 2. Nf3 Nf6 3. Nc3 Bb4 4. Bc4 Bxc3 5. bxc3 O-O 6. d3 d5 7. Bb3 Bg4 8.
Bg5 dxe4 9. dxe4 Qxd1+ 10. Rxd1 Nxe4 11. Bh4 g5 12. Bg3 Nxg3 13. hxg3 Bxf3 14.
gxf3 Kg7 15. Bc4 a5 16. Rd5 Nc6 17. f4 Rad8 18. Rc5 f6 19. Bd3 h6 20. fxe5 fxe5
21. Be4 Rd6 22. Bxc6 Rxc6 23. Rxe5 b6 24. Re7+ Kg6 25. Kd2 Rxf2+ 26. Kd3 Rff6
27. c4 Rfe6 28. Rxe6+ Rxe6 29. g4 Rf6 30. a4 Rf4 31. Rg1 h5 32. gxh5+ Kxh5 33.
Rh1+ Kg6 34. Re1 g4 35. Re7 c5 36. Re6+ Rf6 37. Re4 Kg5 38. Ke3 Kh4 39. Re7 Kh3
40. Rh7+ Kg2 41. Ke4 g3 42. Ke5 Rf2 43. Rh6 Rxc2 44. Kd5 Rb2 45. Ke4 Kg1 46.
Kf3 g2 47. Rd6 Rb3+ 48. Ke2 Kh2 49. Rh6+ Rh3 50. Rxb6 g1=Q 51. Kd2 Qg2+ 52. Kd1
Rf3 53. Rh6+ Kg1 54. Re6 Rf1+ 55. Re1 Rxe1+ 56. Kxe1 Kh2 57. Kd1 Kg3 58. Ke1
Qc2 59. Kf1 Qf2# 0-1

[Event "23. OSREDNJA SLOVENSKA LIGA 2022"]
[Site "gostovanja"]
[Date "2022.10.06"]
[Round "3.4"]
[White "Grasic, Marjan"]
[Black "Zagar, Katarina"]
[Result "1-0"]
[WhiteElo "1696"]
[BlackElo "1000"]
[PlyCount "61"]
[EventDate "2022.10.06"]
[WhiteTeam "SK MENGES-TRZIN 1"]
[BlackTeam "SK KOMENDA POGI"]

1. e4 e5 2. Nf3 Nc6 3. Bc4 Bc5 4. O-O Nf6 5. c3 O-O 6. d4 exd4 7. cxd4 Bb6 8.
e5 Ne8 9. d5 Ne7 10. Bg5 d6 11. e6 fxe6 12. dxe6 Nf6 13. Nc3 Rb8 14. Qd2 Qe8
15. Nd4 Kh8 16. Kh1 c6 17. f4 d5 18. Bb3 Ba5 19. Qe2 Bc7 20. Bc2 Neg8 21. Rae1
Qe7 22. Rf3 Re8 23. Qd3 g6 24. f5 Qd6 25. Bf4 Qd8 26. fxg6 Re7 27. Bg5 Qd6 28.
Rh3 Ng4 29. Nd1 Rg7 30. Nf5 Ne5 31. Nxg7 1-0

[Event "23. OSREDNJA SLOVENSKA LIGA 2022"]
[Site "gostovanja"]
[Date "2022.10.06"]
[Round "3.2"]
[White "Strajhar, Albin"]
[Black "Praznik, Anton"]
[Result "0-1"]
[WhiteElo "1815"]
[BlackElo "2096"]
[PlyCount "26"]
[EventDate "2022.10.06"]
[WhiteTeam "SK MENGES-TRZIN 2"]
[BlackTeam "SD VRHNIKA"]

1. e4 d6 2. Nc3 Nf6 3. Bc4 g6 4. d3 Bg7 5. Nf3 O-O 6. O-O c6 7. a3 e5 8. h3 h6
9. Nh2 Nh5 10. f4 Qb6+ 11. Rf2 exf4 12. Na4 Qc7 13. c3 b5 0-1

[Event "23. OSREDNJA SLOVENSKA LIGA 2022"]
[Site "gostovanja"]
[Date "2022.10.06"]
[Round "3.3"]
[White "Markovic, Jelena"]
[Black "Saradjen, Darja"]
[Result "0-1"]
[WhiteElo "1623"]
[BlackElo "1739"]
[PlyCount "110"]
[EventDate "2022.10.06"]
[WhiteTeam "SD VRHNIKA"]
[BlackTeam "SK MENGES-TRZIN 2"]

1. d4 d5 2. e3 Nf6 3. f4 e6 4. Nf3 Bd6 5. Bd3 h6 6. O-O O-O 7. c4 c5 8. Nc3
cxd4 9. exd4 dxc4 10. Bxc4 a6 11. d5 Qc7 12. Bb3 Bxf4 13. Bxf4 Qxf4 14. dxe6
fxe6 15. Qe2 Re8 16. Rad1 Ng4 17. Rde1 Bd7 18. h3 Nf6 19. Qd3 Nc6 20. Ne2 Qc7
21. Kh1 Rad8 22. Rc1 Qb6 23. Ng3 Nb4 24. Qg6 Bb5 25. Nf5 Rd7 26. Ne5 Rc7 27.
Nxh6+ Kf8 28. Rxf6+ gxf6 29. Qg8+ Ke7 30. Ng6+ Kd8 31. Rd1+ Nd5 32. Nf7+ Kc8
33. Qg7 Bc4 34. Ba4 Bb5 35. Bb3 Kb8 36. Bxd5 exd5 37. Nf4 Bc6 38. Qg6 Rce7 39.
Qxf6 Re1+ 40. Rxe1 Rxe1+ 41. Kh2 Qg1+ 42. Kg3 Re3+ 43. Kh4 Qf2+ 44. Kh5 Re4 45.
Nd6 Be8+ 46. Kh6 Qxf4+ 47. Qxf4 Rxf4 48. Nxe8 d4 49. Kg5 Rf2 50. g4 d3 51. Nd6
d2 52. Ne4 d1=Q 53. Nxf2 Qd2+ 54. Kh5 Qxf2 55. h4 Qxb2 0-1

[Event "23. OSREDNJA SLOVENSKA LIGA 2022"]
[Site "gostovanja"]
[Date "2022.10.06"]
[Round "3.4"]
[White "Sovdat, Blaz"]
[Black "Vodnik, Val"]
[Result "0-1"]
[WhiteElo "1000"]
[BlackElo "1341"]
[PlyCount "77"]
[EventDate "2022.10.06"]
[WhiteTeam "SK MENGES-TRZIN 2"]
[BlackTeam "SD VRHNIKA"]

1. e4 e5 2. Qh5 Nc6 3. Bc4 g6 4. Qf3 Qf6 5. d3 Bc5 6. Be3 Nd4 7. Qd1 Bb6 8. Nc3
Ne7 9. Na4 Ndc6 10. Nxb6 axb6 11. Nf3 d6 12. h3 h6 13. Qd2 g5 14. c3 Be6 15.
Bb5 Ng6 16. d4 Bd7 17. a3 Nf4 18. Bf1 Nxh3 19. Rxh3 Bxh3 20. Nxg5 hxg5 21. Bxg5
Qg6 22. gxh3 Qxe4+ 23. Be3 f5 24. Bd3 Qh1+ 25. Ke2 Qxa1 26. Bxf5 Qg1 27. dxe5
Nxe5 28. Bg5 Qg2 29. Be6 Qf3+ 30. Ke1 Nd3+ 31. Kf1 Rf8 32. Be3 Nf4 33. Bxf4
Qxf4 34. Qc2 Ke7 35. Bg4 Rf7 36. f3 Qe3 37. Kg2 Rg8 38. Qd1 Rxg4+ 39. hxg4 0-1

[Event "23. OSREDNJA SLOVENSKA LIGA 2022"]
[Site "gostovanja"]
[Date "2022.10.13"]
[Round "4.1"]
[White "Coklin, Marko"]
[Black "Debevec, Blaz"]
[Result "1-0"]
[WhiteElo "2159"]
[BlackElo "2056"]
[PlyCount "97"]
[EventDate "2022.10.13"]
[WhiteTeam "SK TRZIN BUSCOTRADE"]
[BlackTeam "SD DOMZALE"]

1. Nf3 Nf6 2. g3 d5 3. d4 Bf5 4. Bg2 e6 5. Nh4 Be4 6. f3 Bg6 7. O-O c5 8. c3
Nc6 9. e3 Bxb1 10. Rxb1 g5 11. e4 gxh4 12. e5 Nd7 13. f4 cxd4 14. cxd4 Qb6 15.
Be3 hxg3 16. hxg3 h5 17. Bf2 O-O-O 18. Bf3 h4 19. gxh4 Be7 20. h5 f5 21. Kh2
Rdg8 22. Rg1 Qd8 23. Kh3 Rxg1 24. Qxg1 Rg8 25. Qh2 Qf8 26. Rg1 Nd8 27. Rg2 Nf7
28. Qg1 Nh6 29. Rg6 Kb8 30. Bh4 Bxh4 31. Kxh4 Rxg6 32. Qxg6 Qe7+ 33. Qg5 Qf8
34. Qg6 Qd8+ 35. Kh3 Ng4 36. Qxe6 Nf2+ 37. Kg2 Nd3 38. Kg3 Qa5 39. Qg8+ Kc7 40.
Kh4 Qe1+ 41. Qg3 Qb4 42. h6 Qf8 43. Qg6 Qb4 44. h7 Qxb2 45. Qg5 Nxf4 46. Qxf4
Nf8 47. e6+ Kc6 48. e7 Qf2+ 49. Kh5 1-0

[Event "23. OSREDNJA SLOVENSKA LIGA 2022"]
[Site "gostovanja"]
[Date "2022.10.13"]
[Round "4.3"]
[White "Krupenko, Peter"]
[Black "Markosek, Bine"]
[Result "1/2-1/2"]
[WhiteElo "1928"]
[BlackElo "1641"]
[PlyCount "157"]
[EventDate "2022.10.13"]
[WhiteTeam "SK TRZIN BUSCOTRADE"]
[BlackTeam "SD DOMZALE"]

1. d4 d5 2. c4 e6 3. Nf3 Nf6 4. g3 Be7 5. Bg2 O-O 6. O-O b6 7. Nc3 Bb7 8. Ne5
Nbd7 9. Re1 c5 10. cxd5 Nxd5 11. Nxd5 exd5 12. b3 Nxe5 13. dxe5 Qc7 14. Bb2 d4
15. Bxb7 Qxb7 16. e3 dxe3 17. Rxe3 Rad8 18. Qg4 g6 19. h4 Qd7 20. e6 fxe6 21.
h5 Bf6 22. Be5 Bxe5 23. Rxe5 Rf6 24. Rae1 Re8 25. Rd1 Qf7 26. hxg6 Rxg6 27. Qe4
Rf8 28. Rd2 Rf6 29. Rg5+ Rg6 30. Re5 Rf6 31. Rg5+ Rg6 32. Re5 Qf6 33. Kg2 Kh8
34. Qe3 Rf7 35. Rd6 Re7 36. f4 Rh6 37. f5 Rh5 38. Rexe6 Qb2+ 39. Rd2 Rxe6 40.
fxe6 Qe5 41. Qf3 Rf5 42. Qa8+ Kg7 43. Qb7+ Kh6 44. e7 Rg5 45. Qc6+ Rg6 46. Qf3
Qxe7 47. Rd5 Kg7 48. Qd3 Qf6 49. Rd7+ Kh8 50. Rd8+ Rg8 51. Rxg8+ Kxg8 52. Qd7
Qf7 53. Qd8+ Kg7 54. Qg5+ Kh8 55. Qe5+ Kg8 56. Qg5+ Kf8 57. Qe5 Qb7+ 58. Kh2
Qe7 59. Qh8+ Kf7 60. Qxh7+ Ke6 61. Qe4+ Kd6 62. Qd3+ Kc7 63. Kg2 Qg7 64. a4
Qb2+ 65. Kf3 Qf6+ 66. Kg4 Qg7+ 67. Kf4 Qf7+ 68. Kg5 Qg8+ 69. Kh6 Qe6+ 70. Kh5
Qf7+ 71. Kh4 Qf6+ 72. Kh3 Qh6+ 73. Kg2 Qg7 74. Qf3 Qb2+ 75. Kh3 Qh8+ 76. Kg4
Qg7+ 77. Kh4 Qe7+ 78. Kh3 Qh7+ 79. Kg4 1/2-1/2

[Event "23. OSREDNJA SLOVENSKA LIGA 2022"]
[Site "gostovanja"]
[Date "2022.10.13"]
[Round "4.4"]
[White "Zmaucar, Miha"]
[Black "Rojs, Igor"]
[Result "0-1"]
[WhiteElo "1465"]
[BlackElo "1942"]
[PlyCount "156"]
[EventDate "2022.10.13"]
[WhiteTeam "SD DOMZALE"]
[BlackTeam "SK TRZIN BUSCOTRADE"]

1. d4 d5 2. Nf3 Nf6 3. g3 g6 4. Bg2 Bg7 5. O-O O-O 6. b3 Bf5 7. Nbd2 Nc6 8. Bb2
Re8 9. a3 Ne4 10. e3 Nxd2 11. Qxd2 Be4 12. Rfd1 e6 13. c4 a5 14. Rac1 Ne7 15.
c5 c6 16. Ne1 Bxg2 17. Kxg2 Qc7 18. Nd3 f6 19. f3 Nf5 20. Nf2 Nh6 21. a4 Nf7
22. h4 h5 23. Qd3 Kh7 24. g4 f5 25. g5 e5 26. e4 dxe4 27. fxe4 fxe4 28. Nxe4
Rad8 29. Rf1 exd4 30. Nf6+ Bxf6 31. Rxf6 Ne5 32. Qe4 Qd7 33. Rd6 Qg4+ 34. Qxg4
Nxg4 35. Bxd4 Rxd6 36. cxd6 Rd8 37. Bc5 Rd7 38. Re1 Kg7 39. Re8 Kf7 40. Rh8 Ke6
41. Re8+ Kf7 42. Re4 Kf8 43. b4 axb4 44. Bxb4 b6 45. a5 c5 46. axb6 cxb4 47.
Rxb4 Rb7 48. d7 Ke7 49. Kg3 Kxd7 50. Rd4+ Ke6 51. Re4+ Kd5 52. Rb4 Kc5 53. Rb1
Rxb6 54. Re1 Kd5 55. Re7 Ne5 56. Kf4 Rb4+ 57. Kg3 Ke4 58. Re6 Rb3+ 59. Kg2 Re3
60. Rf6 Rf3 61. Ra6 Kf5 62. Ra5 Re3 63. Rb5 Kf4 64. Ra5 Kg4 65. Kf2 Re4 66. Ra3
Kxh4 67. Rb3 Kxg5 68. Rg3+ Kf5 69. Kg2 Rg4 70. Kh2 Rxg3 71. Kxg3 g5 72. Kh3 Kf4
73. Kg2 g4 74. Kh2 Kf3 75. Kh1 Kf2 76. Kh2 g3+ 77. Kh3 g2 78. Kh4 g1=Q 0-1

[Event "23. OSREDNJA SLOVENSKA LIGA 2022"]
[Site "gostovanja"]
[Date "2022.10.13"]
[Round "4.1"]
[White "Hribar, Janez"]
[Black "Olenik Campa, Rudi"]
[Result "0-1"]
[WhiteElo "1897"]
[BlackElo "2151"]
[PlyCount "66"]
[EventDate "2022.10.13"]
[WhiteTeam "SD CRNI GRABEN"]
[BlackTeam "SK LJUBLJANA"]

1. c4 g6 2. Nc3 Bg7 3. g3 e5 4. Bg2 Ne7 5. e4 O-O 6. Nge2 d6 7. d3 Be6 8. O-O
c6 9. h3 a5 10. Rb1 f5 11. a3 Nd7 12. Be3 Nf6 13. f4 fxe4 14. fxe5 dxe5 15.
Nxe4 Nxe4 16. Rxf8+ Bxf8 17. Bxe4 Bxh3 18. Qb3 Qd7 19. Kh2 Be6 20. Bb6 Nc8 21.
Nc3 a4 22. Nxa4 Rxa4 23. Qxa4 Nxb6 24. Qa5 Qc7 25. b4 c5 26. Qa7 Bf5 27. Bxf5
gxf5 28. bxc5 Bxc5 29. a4 e4 30. a5 Bf2 31. Kg2 Qxg3+ 32. Kf1 Qg1+ 33. Ke2
exd3+ 0-1